000 01478cam a2200373 4500
999 _c64374
_d64374
001 a4621573
003 SpMaBN
005 20180813120127.0
008 091026s2009 sp | |||| 001 0 spa
017 _aCO 990-2009
_bOficina Depósito Legal Córdoba
020 _a9788493610289
040 _aSpMaBN
_bspa
_cCO-MdFUSB
_erdc
_dCO-MdFUSBC
041 1 _aspa
_heng
080 _a27-484.7(8=134)
082 _222
_a230.0464
_bB433
100 1 _aBell, Daniel M.
_d1966-
_eautor
240 1 0 _aLiberation theology after the end of history
245 1 0 _aTeología de la liberación tras el fin de la historia
_b: la renuncia a dejar de sufrir
_c/ Daniel M. Bell, Jr. ; traducción, Francisco Javier Martínez, Sebastián Montiel, Gracia Prats
264 1 _aGranada
_bNuevo Inicio
_c[2009]
264 4 _c©2009
300 _a382 páginas ;
_c22 cm
336 _2rdacontent
_atexto
_btxt
337 _2rdamedia
_asin mediación
_bn
338 _2rdacarrier
_avolumen
_bnc
490 0 _aAerópagos
500 _aÍndice
505 _gIntroducción:
_tEl fin de la historia.
_tLas infinitas ondulaciones de la serpiente.
_tLa iglesia de los pobres tras el triunfo del capitalismo.
_tCristianismo, deseo y el terror de la justicia.
_tLa renuncia a dejar de sufrir: Perdón y liberación del deseo.
563 _aRústico
650 7 _aTeología de la liberación
_zAmérica Latina
_2embne
942 _cBK
956 _a2